Olivia Rodrigo song lyrics - No hints ! @20 - Statistics

General Stats
  • This quiz has been taken 88 times
  • The average score is 233 of 360
Answer Stats
Answer % Correct
you
97%
I
95%
a
92%
be
85%
be...
85%
the
85%
love
82%
for
81%
he
81%
me
81%
is
79%
my
77%
to
77%
and
76%
And
76%
All
74%
it
71%
never
71%
cure
69%
good
69%
in
69%
so
69%
I'm
68%
of
66%
when
66%
but
65%
But
65%
girls
65%
heart
65%
like
65%
pretty
65%
your
65%
don't
63%
full
63%
got
63%
poison
63%
enough
61%
enough ?
61%
that
61%
it's
60%
It's
60%
mind
60%
on
60%
doubt
58%
head
58%
out
58%
tried
58%
bloodstream
56%
hard
56%
suck
56%
sure
56%
time
56%
unraveled
56%
Why
56%
how
55%
this
55%
anymore
53%
feels
53%
matter
53%
thought
53%
toxins
53%
up
53%
up ?
53%
with
53%
can't
52%
found
52%
medication
52%
they
52%
antidote
50%
It'll
50%
fucked
48%
ever
47%
keep
47%
as
45%
cry
45%
'em
44%
I'd
44%
line
44%
Oh
44%
moving
42%
not
42%
room
42%
Tally
42%
well
42%
bad
40%
foreground
40%
moon
40%
play
40%
Used
40%
alone
39%
'Cause
39%
done
39%
game
39%
guy
39%
stitch
39%
might
37%
start
37%
fighting
35%
nights
35%
thoughts
35%
come
34%
'til
34%
Feeling
32%
spent
32%
baby
31%
because
31%
date
31%
No matching quizzes found
Score Distribution
Percent of People with Each Score
Percentile by Number Answered
Your Score History
You have not taken this quiz